00543nam a2200193Ia 450000500170000000800410001702000130005808200130007110000090008424500300009326000450012330000170016865000120018565000130019770000230021094200060023395200950023999900150033420240402052835.0240331s9999 xx 000 0 und d a08512914 bIDEa330 aICES 0aIdentity culture politics aBangladesh :bICES and CODESRIA /c2001. avii, 172 p., aCulture apolitics aAhmed, Imtiazeedt cL 001040708LaWERCLbWERCLcSSCd2024-03-31l0o 330 IDEp6566r2024-03-31w2024-03-31yL c4962d4962